000 02057nam a22003257a 4500
999 _c21761
_d21761
003 AR-CdUCM
008 190425b ||||| |||| 00| 0 spa d
040 _aMUNICIPALIDAD PROVINCIAL DEL CUSCO
_cBIBLIOTECA MUNICIPAL DEL CUSCO
082 _aRev.Univ/N°107/1954
110 _aUniversidad Nacional de San Antonio Abad del Cusco
_915942
245 _aRevista Universitaria :
_bÓrgano de la Universidad del Cuzco /
260 _aCusco :
_bH.G. Rozas,
_c1954.
300 _a446 páginas. :
_c20 cm.
440 _aRevista Universitaria
_nAño XLIII, 2° semestre 1954, N°107.
_945997
505 _aContenido: José Martí, la fragua de los titanes. Luis Velasco Aragón. -- El movimiento nacional Inca del siglo XVIII. Jhon H. Rowe. -- El hombre en la poesía de Vallejo. Ernesto More. -- Teoría del desarrollo incásico II parte. Carlos Núñez Anavitarte. -- La fenomenología keynesiana y nuestras inversiones nacionales. Cesar Augusto Reinaga. -- La reforma del código de comercio. Manuel García Calderón. -- La filosofía jurídica de Gustavo Radbruch. Manuel Labarthe. -- Especies nuevas o críticas de la flora en el Perú. César Vargas. -- Antibióticos. Jorge Kuon Cabello. -- El Congreso Interiberoamericano de Educación. Wilber Salas Rodríguez. Labor del departamento de extensión cultural. Luis Nieto. Colección de autores cuzqueños. Narciso Aréstegui. El padre Horán escenas de la vida del Cuzco. primera parte. Cuadernos de poesía los poetas de la patria. Guillermo Mercado. Antología.
650 _aIncas
_9303
650 _aInkas
_91899
650 _aFilosofía jurídica
_95201
650 _aAntibióticos
_936722
650 _aNarciso Aréstegui
_945998
650 _aEl padre Horán
_945999
700 _aVelasco Aragón, Luis
_945947
700 _aRowe, Jhon
_946000
700 _aGarcía Calderón, Manuel
_927090
700 _aSalas Rodríguez, Wilbert
_95173
700 _aAréstegui, Narciso
_928122
710 _aUniversidad Nacional de San Antonio Abad del Cusco
_915942
942 _2ddc
_cPP
945 _arac